000 01326nac a22004097a 4500
001 BR8104106
003 BR-BrBNA
005 20240105115023.0
008 230509b bl.|||m| |||| 00| 0 por d
040 _aBR-BrBNA
_bpor
_cBiblioteca Nacional de Agricultura
072 _aF00; E15; E70
090 _a3820 BR8104106
110 1 _aSecretaria Nacional de Producao Agropecuaria, Brasilia, DF (Brasil)
_99224
245 1 _aInformativo SNAP, abril 1981 [Secretaria Nacional de Producao agropecuaria; Fertilizante nitrogenado; Fertilizante potassico; Fertilizante fosfatado; Trator; Colhedeira; Semente; Muda; Maca; Trigo; Aveia; Centeio; Cevada; Ovino; Milho; Varzea; Brasil]
260 3 _aBrasilia, DF (Brasil):
_c1981.
300 _a47 p.
490 _aInformativo SNAP (Brazil)
_vv. 3(13)
_x
500 _a34 tables
650 _aFERTILIZANTE NITROGENADO
650 _aFERTILIZANTE POTASSICO
650 _aFERTILIZANTE FOSFATADO
650 _aTRATOR
650 _aCOLHEITADEIRA
650 _aEQUIPAMENTO RURAL
650 _aSEMENTE
650 _aMUDA
650 _aMACA
650 _aTRIGO
650 _aAVEIA
650 _aCENTEIO
650 _aCEVADA
650 _aOVINO
650 _aMILHO
650 _aVARZEA
909 _a202312
_bLúcia Elande
_c55
_dLúcia Elande
942 _2AGRIS
_n0
_cMS
999 _c272600
_d272600